[Event "UAE-ch U15 int"]
[Site "Al Ain"]
[Date "2015.04.07"]
[Round "4"]
[White "Alshamsi, Salem Fadel"]
[Black "Rawan, Sbaa Saeed Alnuaimi"]
[Result "0-1"]
[WhiteElo "1392"]
[BlackElo "1005"]
[PlyCount "62"]
[EventDate "2015.04.06"]
[EventType "swiss"]
[EventRounds "9"]
[EventCountry "UAE"]
[SourceTitle "CBM 166 Extra"]
[Source "ChessBase"]
[SourceDate "2015.06.18"]
[SourceVersion "1"]
[SourceVersionDate "2015.06.18"]
[SourceQuality "1"]

1. e4 e5 2. Nc3 Nf6 3. g3 d5 4. Bg2 dxe4 5. Nxe4 Nxe4 6. Bxe4 Bc5 7. Ne2 Nc6 8. Bg2 0-0 9. 0-0 Re8 10. h3 Nd4 11. Kh2 c6 12. f4 Nxe2 13. Qxe2 exf4 14. Qc4 fxg3+ 15. Kxg3 Qd6+ 16. Rf4 Qg6+ 17. Kf3 Qh5+ 18. Kg3 Bd6 19. Bf3 Qxh3+ 20. Kf2 Bxf4 21. Qxf4 Qe6 22. b3 Qe1+ 23. Kg2 Re6 24. Bh5 Qe4+ 25. Qxe4 Rxe4 26. Kf3 Re6 27. Bb2 g6 28. Rg1 Rd6 29. Rc1 Be6 30. Bg4 Bxg4+ 31. Kxg4 Rxd2 0-1